| 000 | 00723 a2200181 4500 | ||
|---|---|---|---|
| 020 | _a0882756788 | ||
| 040 | _aDLC | ||
| 082 | 0 | 0 | _a621.3815/3 |
| 100 | 1 | _aAngelo, Ernest James. | |
| 245 | 1 | 0 |
_aElectronics : BJTs, FETs, and microcircuits _bBJTs, FETs, and microcircuits _cE. James Angelo, Jr. |
| 260 |
_aHuntington, N.Y. : _bR. E. Krieger Pub. Co., _c1979, c1969. |
||
| 300 |
_axv, 630 p. : _bill. ; _c25 cm. |
||
| 500 | _aReprint of the ed. published by McGraw-Hill, New York, issued in Brooklyn Polytecnic Institute series and in McGraw-Hill electrical and electronic engineering series. | ||
| 650 | 0 | _aElectronics. | |
| 650 | 0 | _aSemiconductors. | |
| 650 | 0 | _aAmplifiers (Electronics) | |
| 942 |
_cBK _k621.38153 ANG _2ddc |
||
| 999 |
_c8874 _d8874 |
||